000 00763nam a2200229 a 4500
001 44295
003 BD-RjUL
005 20211209053830.0
008 160716s1972 bg ||||| |||| 00| 0 ben d
035 _a(BD-RjUL)44413
040 _aBD-RjUL
_bben
_cBD-RjUL
041 _aben
082 _223
_a891.443
_bMAA 1972
100 1 _aমজিদ, রাজিয়া
_9135981
245 1 0 _aআধারে প্রদীপ জ্বলে /
_cরাজিয়া মজিদ
250 _a১ম সং
260 _aঢাকা :
_bমনীষা প্রকাশালয়,
_c১৯৭২
300 _a১৮৯ পৃ.
_c২০ সেমি.
650 _aউপন্যাস
_9135982
650 _aBengali fiction
_9135983
942 _2ddc
_cBK
999 _c44295
_d44295